Statistiques concernant Personnages interprétés par un même comédien de doublage

Cliquez ici pour prendre le quiz!

Statistiques générales

  • Ce quiz a été pris 83 fois
  • Le résultat moyen est 29 sur 45

Statistiques - réponses

QuestionTuileSelect% Correct
Les personnages incarnés par Brigitte LecordierNon
93%
Les personnages incarnés par Brigitte LecordierOui
92%
Les personnages incarnés par Emmanuel CurtilNon
88%
Les personnages incarnés par Brigitte LecordierOui
88%
Les personnages incarnés par Donald ReignouxOui
84%
Les personnages incarnés par Emmanuel CurtilOui
80%
Les personnages incarnés par Emmanuel CurtilNon
79%
Les personnages incarnés par Richard DarboisOui
79%
Les personnages incarnés par Donald ReignouxNon
79%
Les personnages incarnés par Donald ReignouxOui
77%
Les personnages incarnés par Richard DarboisNon
77%
Les personnages incarnés par Richard DarboisOui
77%
Les personnages incarnés par Donald ReignouxOui
77%
Les personnages incarnés par Donald ReignouxNon
77%
Les personnages incarnés par Emmanuel CurtilNon
76%
Les personnages incarnés par Roger CarelOui
76%
Les personnages incarnés par Donald ReignouxNon
76%
Les personnages incarnés par Emmanuel CurtilOui
76%
Les personnages incarnés par Donald ReignouxNon
75%
Les personnages incarnés par Brigitte LecordierNon
72%
Les personnages incarnés par Emmanuel CurtilOui
69%
Les personnages incarnés par Brigitte LecordierNon
67%
Les personnages incarnés par Brigitte LecordierNon
64%
Les personnages incarnés par Roger CarelNon
64%
Les personnages incarnés par Brigitte LecordierOui
63%
Les personnages incarnés par Richard DarboisOui
61%
Les personnages incarnés par Roger CarelNon
60%
Les personnages incarnés par Roger CarelOui
60%
Les personnages incarnés par Richard DarboisOui
59%
Les personnages incarnés par Donald ReignouxOui
59%
Les personnages incarnés par Roger CarelOui
59%
Les personnages incarnés par Richard DarboisNon
56%
Les personnages incarnés par Roger CarelNon
56%
Les personnages incarnés par Roger CarelOui
49%
Les personnages incarnés par Roger CarelNon
48%
Les personnages incarnés par Roger CarelOui
47%
Les personnages incarnés par Donald ReignouxOui
47%
Les personnages incarnés par Richard DarboisOui
47%
Les personnages incarnés par Emmanuel CurtilNon
45%
Les personnages incarnés par Richard DarboisNon
45%
Les personnages incarnés par Richard DarboisNon
44%
Les personnages incarnés par Emmanuel CurtilOui
44%
Les personnages incarnés par Emmanuel CurtilOui
29%
Les personnages incarnés par Brigitte LecordierOui
17%
Les personnages incarnés par Brigitte LecordierOui
15%

Distribution des résultats

Percentile par nombre de réponses

% des personnes avec chaque résultat

Votre développement - résultats

Vous n’avez pas pris ce quiz